LEADER 01362nam0-2200385---450- 001 990009820830403321 005 20140210095928.0 010 $a978-88-339-2295-9 035 $a000982083 035 $aFED01000982083 035 $a(Aleph)000982083FED01 035 $a000982083 100 $a20140210d2012----km-y0itay50------ba 101 0 $aita 102 $aIT 105 $ay-------001yy 200 1 $aPsicopatologia della vita quotidiana$edimenticanze, lapsus, sbadataggini, superstizioni ed errori$fSigmund Freud$gtraduzioni di Carlo Federico Piazza, Michele Ranchetti ed Ermanno Sagittario 205 $aEd. integrale di riferimento 210 $aMilano$cBollati Boringhieri$d2012 215 $a280 p.$d19 cm 225 1 $a<>grandi pensatori$v27 454 0$12001$a<>Psychopathologie des Alltagslebens$925276 610 0 $aMemoria$aPsicanalisi 676 $a150.1952$v22$zita 700 1$aFreud,$bSigmund$f<1856-1939>$0128716 702 1$aPiazza,$bCarlo Federico 702 1$aRanchetti,$bMichele 702 1$aSagittario,$bErmanno 801 0$aIT$bUNINA$gREICAT$2UNIMARC 901 $aBK 912 $a990009820830403321 952 $aCollez. 2402 (27)$b50993$fFSPBC 959 $aFSPBC 996 $aZur Psychopathologie des Alltagslebens: uber Vergessen, Versprechen, Vergreifen, Aberglaube und Irrtum$925276 997 $aUNINA LEADER 03769nam 2200469 450 001 9910813504903321 005 20230126221200.0 010 $a84-1324-223-1 035 $a(CKB)4100000008527046 035 $a(MiAaPQ)EBC6483986 035 $a(Au-PeEL)EBL6483986 035 $a(OCoLC)1091367947 035 $a(MiAaPQ)EBC6733652 035 $a(Au-PeEL)EBL6733652 035 $a(OCoLC)1272992201 035 $a(OCoLC) 1178781180 035 $a(FINmELB)ELB119292 035 $a(EXLCZ)994100000008527046 100 $a20220528d2019 uy 0 101 0 $aspa 135 $aurcnu|||||||| 181 $ctxt$2rdacontent 182 $cc$2rdamedia 183 $acr$2rdacarrier 200 13$aEl Trabajo Social $eDesde lo Acade?mico a la Intervencio?n Social. una Mirada Desde la Perspectiva de la Pra?ctica Profesional y Experiencia Laboral /$fConcepcio?n Nieto Morales 205 $a2nd ed. 210 1$aMadrid :$cDykinson,$d[2019] 210 4$d©2019 215 $a1 online resource (409 pages) 327 $aCORRUPCIÓN ELECTORAL: DELITOS E INFRACCIONES ELECTORALES -- PÁGINA LEGAL -- ÍNDICE -- PRÓLOGO -- DELITOS ELECTORALES E INTEGRIDAD ELECTORAL -- I. INTRODUCCIÓN -- II. INTEGRIDAD ELECTORAL Y DELITOS ELECTORALES -- III. INDICADORES EMPÍRICOS PARA LA MEDICIÓN -- IV. DIMENSIONES EMPÍRICAS DE LOS DELITOS ELECTORALES -- V. DELITOS ELECTORALES, INTEGRIDAD ELECTORAL -- VI. CONCLUSIONES -- DISPOSICIONES GENERALES DEL DERECHO PENAL ELECTORAL -- I. INTRODUCCIÓN -- II. DESARROLLO Y PROTECCIÓN DEL DERECHO DE SUFRAGIO -- III. LAS DISPOSICIONES GENERALES DEL DERECHO PENAL -- LAS SANCIONES EN LOS DELITOS ELECTORALES -- I. STATUS QUAESTIONIS: EL DELITO ELECTORAL -- II. PRECISIONES CONCEPTUALES BÁSICAS A LA HORA DE DETERMINAREL PROCEDIMIENTO -- III. NATURALEZA PÚBLICA DE LA ACCIÓN PARA PERSEGUIR -- IV. SOBRE EL CONCURSO DE LEYES -- V. SOBRE LA PENA SANCIONADORA DE LA INHABILITACIÓN -- VI. LAS SANCIONES POR LOS DELITOS ELECTORALES -- VII. BREVE NOTA EN TORNO A LAS INFRACCIONES -- DELITOS ELECTORALES, EN"SENTIDO ESTRICTO", (....) -- I. A MODO DE INTRODUCCIÓN -- II. DELITO DE OBSTACULIZACIÓN DEL PROCESO -- III. DELITOS POR ABUSO DE OFICIO -- IV. EL ABANDONO O INCUMPLIMIENTO -- V. CONCLUSIONES -- DELITOS ELECTORALES, "EN SENTIDOESTRICTO", -- I. INTRODUCCIÓN -- II. VULNERACIÓN DE LOS TRÁMITES -- III. PARTICIPACIÓN POR PARTE DEL PARTICULAR EN ALGUNA -- IV. EMISIÓN DE VARIOS VOTOS EN LA MISMA ELECCIÓN -- V. REALIZACIÓN DE ACTOS DE PROPAGANDA -- VI. INFRACCIÓN DE LAS NORMAS LEGALES EN EL DESARROLLODE LA CAMPAÑA ELECTORAL -- VII. PARTICIPACIÓN DE DETERMINADOS FUNCIONARIOS -- VIII. DELITOS EN MATERIA DE ENCUESTAS ELECTORALES -- DELITOS "COMUNES" EN ELDESARROLLO DEL PROCESO ELECTORAL -- I. INTRODUCCIÓN -- II. COHECHO Y COACCIONES -- III. ALTERACIÓN DEL ORDEN EN ACTO ELECTORAL -- IV. AGRAVACIÓN DE LOS DELITOS DE CALUMNIA -- V. FINANCIACIÓN IRREGULAR. 327 $aCONCURRENCIA DE INFRACCIONESY SANCIONES PENALES Y ADMINISTRATIVAS EN EL ÁMBITO ELECTORAL -- I. LAS RELACIONES ENTRE EL DERECHO PENAL -- II. LA LOREG COMO LEY ESPECIAL IMPROPIA -- III. DELITOS E INFRACCIONES ADMINISTRATIVAS EN EL ÁMBITO -- IV. LA PENAS PRINCIPALES Y LAS ACCESORIAS -- INFRACCIONES NO CONSTITUTIVAS DE DELITO EN LA LEY ORGÁNICA -- I. INTRODUCCIÓN -- II. LAS INFRACCIONES Y SANCIONES ADMINISTRATIVAS -- III. TITULARES DE LA POTESTAD SANCIONADORA -- IV. PROCEDIMIENTO SANCIONADOR -- V. UNA BREVE REFLEXIÓN. 606 $aSocial service 615 0$aSocial service. 676 $a361.32 700 $aNieto Morales$b Concepcio?n$01102094 801 0$bMiAaPQ 801 1$bMiAaPQ 801 2$bMiAaPQ 906 $aBOOK 912 $a9910813504903321 996 $aEl Trabajo Social$94082903 997 $aUNINA LEADER 02852nas 2200853- 450 001 9910172121203321 005 20241026213017.0 011 $a2191-4281 035 $a(OCoLC)792741896 035 $a(CKB)991042727012952 035 $a(CONSER)--2017207454 035 $a(EXLCZ)99991042727012952 100 $a20110412a20119999 --- a 101 0 $aeng 135 $aurunu|||||||| 181 $ctxt$2rdacontent 182 $cc$2rdamedia 183 $acr$2rdacarrier 200 00$aArabian journal for science and engineering 210 1$aHeidelberg :$cSpringer,$d2011- 215 $a1 online resource 225 1 $aSpringerLink. 300 $aRefereed/Peer-reviewed 311 $a2193-567X 330 $aAJSE publishes eight issues of rigorous and original contributions in the Engineering (AJSE-Engineering), in Mathematics (AJSE-Mathematics), and in Science (AJSE-Science) disciplines, and along with a Theme / Special Issue on specific topics, previously published as separate volumes. 410 0 $aSpringerLink. 531 $aARAB J SCI ENG 531 $aARAB. J. SCI. ENG. SECT. A SCI 531 $aARAB. J. SCI. ENG. SECT. B ENG 531 $aARAB. J. SCI. ENG. SECT. C THEME ISSUES 531 $aARABIAN JOURNAL FOR SCIENCE AND ENGINEERING. SECTION B, ENGINEERING 531 $aARABIAN JOURNAL FOR SCIENCE AND ENGINEERING 531 $aARABIAN JOURNAL FOR SCIENCE & ENGINEERING, SECTION B 531 $aARABIAN JOURNAL FOR SCIENCE AND ENGINEERING. SECTION B 531 $aARAB. J. SCI. ENG 606 $aChemistry$vPeriodicals 606 $aPhysics$vPeriodicals 606 $aEarth sciences$vPeriodicals 606 $aEngineering$vPeriodicals 606 $aMathematics$vPeriodicals 606 $aChimie$vPériodiques 606 $aPhysique$vPériodiques 606 $aSciences de la terre$vPériodiques 606 $aIngénierie$vPériodiques 606 $aChemistry$2fast 606 $aEarth sciences$2fast 606 $aEngineering$2fast 606 $aMathematics$2fast 606 $aPhysics$2fast 606 $aEnginyeria$2thub 608 $aPeriodicals$2fast 608 $aRevistes electròniques.$2thub 615 0$aChemistry 615 0$aPhysics 615 0$aEarth sciences 615 0$aEngineering 615 0$aMathematics 615 6$aChimie 615 6$aPhysique 615 6$aSciences de la terre 615 6$aIngénierie 615 7$aChemistry 615 7$aEarth sciences 615 7$aEngineering 615 7$aMathematics 615 7$aPhysics 615 7$aEnginyeria. 676 $a505 712 02$aSpringer (Firm), 712 02$aJ?mi?at al-Malik Fahd lil-Batr?l wa-al-Ma??din, 906 $aJOURNAL 912 $a9910172121203321 996 $aArabian journal for science and engineering$91948234 997 $aUNINA